000 00405nam a2200157Ia 4500
008 160316s1957 xxu||||| |||| 00| 0 eng d
082 _a340.590000
_bHAM-2
100 _aHamilton Charles
245 _aHedaya or guide : Commentary on the Mussulman laws
250 _a
260 _aLahore
_bPremier Book House
_c1957
300 _a783p
_b
_c
365 _b
650 _a1. Mussuluman Law
700 _a
_a
999 _c18883
_d18883